header

Adapting the Arthurian legends for children (Record no. 86978)

MARC details
000 -LEADER
fixed length control field 02255nam a2200373Ia 4500
082 04 - DEWEY DECIMAL CLASSIFICATION NUMBER
Classification number 823.009/351
245 00 - TITLE STATEMENT
Title Adapting the Arthurian legends for children
250 ## - EDITION STATEMENT
Edition statement 1st ed.
260 ## - PUBLICATION, DISTRIBUTION, ETC. (IMPRINT)
Place of publication New York :
Name of publisher Palgrave Macmillan,
Year of publication 2004.
300 ## - PHYSICAL DESCRIPTION
Number of Pages xxi, 320 p. :
Other physical details ill.
490 1# - SERIES STATEMENT
Series statement Studies in Arthurian and courtly cultures
505 0# - FORMATTED CONTENTS NOTE
Formatted contents note Le morte darthur for children: Malory's third tradition -- Text, image, and swords of empowerment in recent Arthurian picture books -- The case of the disappearing text: Connecticut yankee for kids -- Deceptive simplicity: children's versions of Sir Gawain and the green knight -- The sense of place in Arthurian fiction for younger readers -- Susan Cooper's "The dark is rising" -- Interview with Susan Cooper -- Swords, grails, and bag-puddings: a survey of children's poetry and plays -- Arthurian youth groups in America: the Americanization of knighthood -- Good King Arthur: Arthurian music for children -- Once and future kings: the return of King Arthur in the comics -- Camelot on camera: the Arthurian legends and children's film.
650 #0 - SUBJECT ADDED ENTRY--TOPICAL TERM
Topical Term Arthurian romances
Topical Term Children's literature, English
Topical Term Children's literature, American
700 1# - ADDED ENTRY--PERSONAL NAME
Personal name Lupack, Barbara Tepa.
856 40 - ELECTRONIC LOCATION AND ACCESS
Uniform Resource Identifier http://site.ebrary.com/lib/rucke/Doc?id=10135681

No items available.

© 2026 Rongo University
Contact us: librarian | system librarian | Rongo university